NBA-Teams Western Conference - Statistics

General Stats
  • This quiz has been taken 112 times
  • The average score is 14 of 15
Answer Stats
Hint Answer % Correct
Los Angeles Lakers
98%
Dallas Mavericks
98%
Los Angeles Clippers
96%
Denver Nuggets
96%
Utah Jazz
95%
Golden State Warriors
95%
San Antonio Spurs
93%
Pheonix Suns
91%
Oklahoma City Thunder
91%
Memphis Grizzlies
90%
Sacramento Kings
90%
Houston Rockets
90%
Minnesota Timberwolves
90%
New Orleans Pelicans
89%
Portland Trail Blazers
85%
No matching quizzes found
Score Distribution
Percent of People with Each Score
Percentile by Number Answered
Your Score History
You have not taken this quiz